000 00416nam a22001577a 4500
005 20231012201010.0
008 231012b |||||||| |||| 00| 0 eng d
082 _a696
_bMOO-E
100 _aMoore,Fuller
245 _aEnvironmental control systems
_bHeating, Cooling, Lighting
260 _aPakistan
_bMcGraw-Hill
_c1962
300 _a426
500 _aInclude Index
650 _aEngineering
700 _aFull Moore
999 _c33882
_d33882